Eastern Utah Libraries Catalog: Duchesne, Heber, Roosevelt, & Vernal

Triceratops / (Record no. 398011)

MARC details
000 -LEADER
fixed length control field 01461pam a2200433 i 4500
001 - CONTROL NUMBER
control field prefix 2023039982
003 - CONTROL NUMBER IDENTIFIER
control field DLC
005 - DATE AND TIME OF LATEST TRANSACTION
control field 20240628165157.0
008 - FIXED-LENGTH DATA ELEMENTS--GENERAL INFORMATION
fixed length control field 230829s2024 nyua a 000 1 eng
010 ## - LIBRARY OF CONGRESS CONTROL NUMBER
LC control number 2023039982
020 ## - INTERNATIONAL STANDARD BOOK NUMBER
International Standard Book Number 9780593660348
Qualifying information (board)
040 ## - CATALOGING SOURCE
Original cataloging agency NJQ/DLC
Language of cataloging eng
Description conventions rda
Transcribing agency DLC
Modifying agency GCmBT
042 ## - AUTHENTICATION CODE
Authentication code pcc
-- cyac
050 00 - LIBRARY OF CONGRESS CALL NUMBER
Classification number PZ8.3.F7736
Item number Tr 2024
082 04 - DEWEY DECIMAL CLASSIFICATION NUMBER
Classification number [E]
Edition number 23
092 ## - LOCALLY ASSIGNED DEWEY CALL NUMBER (OCLC)
Classification number children board book
100 1# - MAIN ENTRY--PERSONAL NAME
Personal name Romano, Rocco
Relator term author.
9 (RLIN) 6489790
245 10 - TITLE STATEMENT
Title Triceratops /
Statement of responsibility, etc Rocco Romano ; Sarah Rebar.
264 #1 - Production, Publication, Distribution, Manufacture, and Copyright Notice.
Place of production, publication, distribution, manufacture New York :
Name of producer, publisher, distributor, manufacturer Grosset & Dunlap,
Date of production, publication, distribution, manufacture, or copyr 2024.
300 ## - PHYSICAL DESCRIPTION
Extent 1 volume (unpaged) :
Other physical details color illustrations ;
Dimensions 18 cm.
336 ## - Content Type
Content type term text
336 ## - Content Type
Content type term still image
337 ## - Media type
Media type term unmediated
338 ## - Carrier type
Carrier type term volume
490 1# - SERIES STATEMENT
Series statement My tiny dino library.
500 ## - GENERAL NOTE
General note Cover title.
500 ## - GENERAL NOTE
General note On board pages.
520 ## - SUMMARY, ETC.
Summary, etc In rhyming text, Triceratops introduces itself as the three-horned dinosaur.
521 ## - TARGET AUDIENCE NOTE
Target audience note Ages 1-3.
Source Grosset & Dunlap.
650 #0 - SUBJECT ADDED ENTRY--TOPICAL TERM
Topical term or geographic name as entry element Triceratops
Form subdivision Juvenile fiction.
9 (RLIN) 6422266
650 #0 - SUBJECT ADDED ENTRY--TOPICAL TERM
Topical term or geographic name as entry element Dinosaurs
Form subdivision Juvenile fiction.
9 (RLIN) 5675178
655 #7 - INDEX TERM--GENRE/FORM
Genre/form data or focus term Stories in rhyme.
Source of term lcgft
655 #7 - INDEX TERM--GENRE/FORM
Genre/form data or focus term Board books.
Source of term lcgft
655 #7 - INDEX TERM--GENRE/FORM
Genre/form data or focus term Picture books.
Source of term lcgft
655 #7 - INDEX TERM--GENRE/FORM
Genre/form data or focus term Fiction.
Source of term lcgft
9 (RLIN) 5673940
700 1# - ADDED ENTRY--PERSONAL NAME
Personal name Rebar, Sarah,
Relator term illustrator.
9 (RLIN) 6366088
800 1# - SERIES ADDED ENTRY--PERSONAL NAME
Personal name Forester, J. D.
Title of a work My tiny dino library.
9 (RLIN) 6489791
942 ## - ADDED ENTRY ELEMENTS (KOHA)
Source of classification or shelving scheme Dewey Decimal Classification
Koha item type BOOK
Holdings
Withdrawn status Lost status Source of classification or shelving scheme Damaged status Not for loan Collection code Home library Current library Shelving location Date acquired Source of acquisition Total Checkouts Total Renewals Full call number Barcode Checked out Date last seen Date checked out Cost, replacement price Price effective from Koha item type
  Long Overdue (Lost) Dewey Decimal Classification     Children Board Books Wasatch County Library Wasatch County Library Main Floor Childrens Area 06/28/2024 Penworthy 19 7 BB Romano 34301002122184 01/05/2026 11/08/2025 11/08/2025 7.99 06/28/2024 BOOK
This project was made possible through a grant from the Institute of Museum and Library Service administered by the Utah State Library Division.

Wasatch County Library

  • 465 East 1200 South, Heber City, Utah 84032
  • Phone 435-654-1511 | Fax 435-654-6456

Hours

  • Monday - Friday 9:30 AM - 8:00 PM
  • Saturday 9:30 AM - 1:30 PM
  • Closed Sundays and Holidays